Study on sustainable agriculture system of padek in preah sdach district, prey veng province,(សិក្សាពីប្រព័ន្ធកសិកម្មសមស្របរបស់អង្គការប៉ាដិក នៅស្រុកព្រះស្តេច ខេត្តព្រៃវែង). (Record no. 780)

000 -LEADER
fixed length control field 00682nam a22001577a 4500
003 - CONTROL NUMBER IDENTIFIER
control field OSt
005 - DATE AND TIME OF LATEST TRANSACTION
control field 20150918174853.0
008 - FIXED-LENGTH DATA ELEMENTS--GENERAL INFORMATION
fixed length control field 150918b xxu||||| |||| 00| 0 eng d
040 ## - CATALOGING SOURCE
Transcribing agency RUA
082 ## - DEWEY DECIMAL CLASSIFICATION NUMBER
Classification number AGR HIE 2006 BO33 Or.1
100 ## - MAIN ENTRY--PERSONAL NAME
9 (RLIN) 807
Personal name HIEK, SOPHEAK
245 ## - TITLE STATEMENT
Title Study on sustainable agriculture system of padek in preah sdach district, prey veng province,(សិក្សាពីប្រព័ន្ធកសិកម្មសមស្របរបស់អង្គការប៉ាដិក នៅស្រុកព្រះស្តេច ខេត្តព្រៃវែង).
260 ## - PUBLICATION, DISTRIBUTION, ETC. (IMPRINT)
Place of publication, distribution, etc. phnom phen
Name of publisher, distributor, etc. RUA
Date of publication, distribution, etc. 2006
300 ## - PHYSICAL DESCRIPTION
Extent XII.40p.
Other physical details ill.
Dimensions 29cm.
942 ## - ADDED ENTRY ELEMENTS (KOHA)
Source of classification or shelving scheme
Koha item type AGR
Holdings
Price effective from Date last seen Permanent Location Not for loan Date acquired Source of classification or shelving scheme Koha item type Lost status Withdrawn status Date last checked out Total Checkouts Shelving location Damaged status Barcode Current Location Full call number
2015-09-182015-09-18Library Block B 2015-09-18 AGR    B033 RUA002691Library Block BAGR HIE 2006 BO33 Or.1
2015-09-182015-09-18Library Block B 2015-09-18 AGR    B033 RUA002908Library Block BAGR HIE 2006 BO33 Or.2
2015-09-182015-09-18Library Block B 2015-09-18 AGR    B033 RUA002842Library Block BAGR HIE 2006 BO33 Or.3
2015-09-182015-09-18Library Block B 2015-09-18 AGR    B033 RUA002029Library Block BAGR HIE 2006 BO33 Or.4
2015-09-182015-09-18Library Block B 2015-09-18 AGR    B033 RUA002101Library Block BAGR HIE 2006 BO33 Or.5
2015-10-312016-07-25Library Block B 2015-10-31 AGR  2016-07-051B033 RUA025461Library Block BAGR HIE 2006 BO33 Or.6
មជ្ឈមណ្ឌលឯការនៃសាកលវិទ្យាល័យភូមិន្ទកសិកម្មចំការដូង

Powered by Koha